00614nam a22001337a 4500008004100000040005500041080002400096245022700120260005000347300001400397650002300411653001800434700002800452230328b |||||||| |||| 00| 0 eng d aNational Science LibrarycNational Science Library a541.49(082.2)bL7.1 aMetal-ligand interactions in organic chemistry and biochemistry c/D. Reidel Publishing Company, Proceedings of the ninth Jerusalem symposium on Quantum Chemistry and biochemistry held in Jerusalem, 29-2 March - April 1976 aU.S.A.,bD. Reidel Publishing Company, c1977 ax, 396p.  aOrganic chemistry  aBiochemistry  aPullman, Bernard (Ed.)